000
00280nam a2200121 a 4500
008
100920s1966|||| d
100
1
_a
Erenburg, Iľja
245
1
0
_a
Láska Jeanny Neyovej
260
_b
Smena
_a
Bratislava
_c
1966
020
_c
20
044
_a
xo
_c
SK
041
_a
slo
999
_c
10519
_d
10519